[Event "SCO-ch 119th"]
[Site "Glasgow"]
[Date "2012.07.14"]
[Round "8"]
[White "Nolan, Graeme"]
[Black "Teterev, Vitaly"]
[Result "0-1"]
[WhiteElo "2176"]
[BlackElo "2530"]
[PlyCount "82"]
[EventDate "2012.07.07"]
[EventType "swiss"]
[EventRounds "9"]
[EventCountry "SCO"]
[SourceTitle "CBM 149 Extra"]
[Source "ChessBase"]
[SourceDate "2012.08.24"]
[SourceVersion "1"]
[SourceVersionDate "2012.08.24"]
[SourceQuality "1"]

1. e4 c5 2. Nf3 e6 3. d4 cxd4 4. Nxd4 a6 5. Nc3 Qc7 6. Bd3 Nf6 7. 0-0 Bc5 8. Nb3 Be7 9. f4 d6 10. a4 Nc6 11. Qe2 b6 12. Be3 Bb7 13. Kh1 0-0 14. f5 Ne5 15. fxe6 fxe6 16. Nd4 Qd7 17. Nf3 Nxd3 18. cxd3 b5 19. a5 Rac8 20. Nd4 Bd8 21. Bg5 Rc5 22. Bd2 Be7 23. Nb3 Rcc8 24. Nd4 Rf7 25. Be3 Re8 26. Bd2 Bd8 27. Nd1 g6 28. Bb4 e5 29. Nf3 Nh5 30. Nc3 Nf4 31. Qe3 Ref8 32. g3 Qh3 33. Qd2 Nh5 34. Qg2 Nxg3+ 35. Qxg3 Qxg3 36. hxg3 Rxf3 37. Rxf3 Rxf3 38. Bxd6 Rxd3 39. Bxe5 b4 40. Nd5 Bxd5 41. exd5 Rxd5 0-1

[Event "Oban op"]
[Site "Oban"]
[Date "2006.12.02"]
[Round "2"]
[White "Nolan, Graeme"]
[Black "Aagaard, Jacob"]
[Result "0-1"]
[WhiteElo "2147"]
[BlackElo "2455"]
[PlyCount "94"]
[EventDate "2006.12.01"]
[EventType "swiss"]
[EventRounds "5"]
[EventCountry "SCO"]
[SourceTitle "EXT 2008"]
[Source "ChessBase"]
[SourceDate "2007.11.25"]
[SourceVersion "1"]
[SourceVersionDate "2007.11.25"]
[SourceQuality "1"]

1. e4 c5 2. Nf3 Nc6 3. d4 cxd4 4. Nxd4 Qc7 5. Nc3 e6 6. Be3 a6 7. Qd2 Nf6 8. f3 Bb4 9. Bg5 Be7 10. 0-0-0 b5 11. Kb1 0-0 12. h4 Bb7 13. g4 Rfc8 14. Nxc6 dxc6 15. Bg2 b4 16. Na4 c5 17. b3 Bc6 18. Bf4 e5 19. Bg5 Rd8 20. Qe3 Bxa4 21. bxa4 c4 22. Bxf6 Bxf6 23. g5 Be7 24. Rd5 Rdc8 25. Bh3 Rd8 26. Rhd1 Rxd5 27. Rxd5 Rd8 28. Qd2 c3 29. Rxd8+ Bxd8 30. Qd7 Qxd7 31. Bxd7 g6 32. h5 Bxg5 33. hxg6 fxg6 34. a5 Bd8 35. Bc8 Bxa5 36. Bxa6 Kg7 37. Kc1 Kf6 38. Kd1 Kg5 39. Ke2 Kh4 40. Kf2 Kh3 41. Bc8+ Kh2 42. Be6 Bb6+ 43. Ke2 Kg3 44. Bg8 h5 45. Bf7 h4 46. Bxg6 h3 47. f4 h2 0-1

[Event "SCO-ch"]
[Site "Stirling"]
[Date "2002.07.11"]
[Round "6"]
[White "Beaton, Kenneth S"]
[Black "Nolan, Graeme"]
[Result "1/2-1/2"]
[WhiteElo "2103"]
[BlackElo "2175"]
[PlyCount "61"]
[EventDate "2002.07.06"]
[EventType "swiss"]
[EventRounds "9"]
[EventCountry "SCO"]
[SourceTitle "CBM 089 Extra"]
[Source "ChessBase"]
[SourceDate "2002.09.10"]
[SourceVersion "2"]
[SourceVersionDate "2002.09.10"]
[SourceQuality "1"]

1. c4 e6 2. g3 d5 3. Bg2 Nf6 4. Nf3 Be7 5. 0-0 0-0 6. e3 c5 7. cxd5 Nxd5 8. Nc3 Nc6 9. Nxd5 exd5 10. d4 cxd4 11. Nxd4 Bf6 12. Nxc6 bxc6 13. Qc2 Qb6 14. Rb1 a5 15. Bd2 Be7 16. Rbc1 Bd7 17. Bc3 Rfc8 18. h3 Be6 19. Rfd1 h6 20. Bd4 c5 21. Be5 Rd8 22. Rd2 Rd7 23. Rcd1 Rad8 24. b3 f6 25. Ba1 Bf8 26. Kh2 Bf7 27. Bf3 Be6 28. Qg6 Bf7 29. Qc2 Be6 30. Qg6 Bf7 31. Qc2 1/2-1/2

[Event "SCO-ch"]
[Site "Stirling"]
[Date "2002.07.06"]
[Round "1"]
[White "McNab, Colin Anderson"]
[Black "Nolan, Graeme"]
[Result "1/2-1/2"]
[WhiteElo "2404"]
[BlackElo "2175"]
[PlyCount "48"]
[EventDate "2002.07.06"]
[EventType "swiss"]
[EventRounds "9"]
[EventCountry "SCO"]
[SourceTitle "CBM 089 Extra"]
[Source "ChessBase"]
[SourceDate "2002.09.10"]
[SourceVersion "2"]
[SourceVersionDate "2002.09.10"]
[SourceQuality "1"]

1. g3 d5 2. Bg2 Nf6 3. d3 c6 4. f4 g6 5. Nf3 Bg7 6. 0-0 0-0 7. Nc3 Na6 8. e3 Nc5 9. Qe2 b6 10. Bd2 Ba6 11. Qe1 Qc7 12. h3 Ncd7 13. g4 e5 14. g5 Nh5 15. fxe5 Nxe5 16. Nd4 Rae8 17. a4 Nxd3 18. Ndb5 Nxe1 19. Nxc7 Bxf1 20. Nxe8 Bxg2 21. Nxg7 Nxg7 22. Bxe1 Bxh3 23. a5 bxa5 24. e4 Be6 1/2-1/2

[Event "Aberdeen op"]
[Site "Aberdeen"]
[Date "2002.??.??"]
[Round "2"]
[White "Nolan, Graeme"]
[Black "Kafka, Graeme"]
[Result "1-0"]
[WhiteElo "2145"]
[BlackElo "2005"]
[PlyCount "77"]
[EventDate "2002.??.??"]
[EventType "swiss"]
[EventRounds "5"]
[EventCountry "SCO"]
[SourceTitle "EXT 2006"]
[Source "ChessBase"]
[SourceDate "2005.11.24"]
[SourceVersion "1"]
[SourceVersionDate "2005.11.24"]
[SourceQuality "1"]

1. e4 c5 2. Nf3 d6 3. d4 cxd4 4. Nxd4 Nf6 5. Nc3 g6 6. Be3 Bg7 7. f3 Nc6 8. Bc4 Bd7 9. Qd2 0-0 10. 0-0-0 Rc8 11. Bb3 Ne5 12. h4 h5 13. Bh6 Bxh6 14. Qxh6 Rxc3 15. bxc3 Qc8 16. Kb1 a5 17. f4 Nfg4 18. Qg5 a4 19. fxe5 axb3 20. cxb3 Nf2 21. Kb2 Nxh1 22. Rxh1 dxe5 23. Qxe5 Bg4 24. Rf1 Qd7 25. Rf2 b6 26. Rd2 Rc8 27. c4 Qa7 28. Nc6 Qc7 29. Nxe7+ Kh7 30. Qxc7 Rxc7 31. Nd5 Rc6 32. Rf2 Kg7 33. Kc3 b5 34. Kd4 bxc4 35. Rc2 Bd1 36. Rxc4 Ra6 37. Rc1 Be2 38. a4 f5 39. Rc7+ 1-0

[Event "World op 29th"]
[Site "Philadelphia"]
[Date "2001.07.06"]
[Round "5"]
[White "Nolan, Graeme"]
[Black "Van Tilbury, Craig"]
[Result "1/2-1/2"]
[WhiteElo "2175"]
[BlackElo "2289"]
[PlyCount "57"]
[EventDate "2001.06.30"]
[EventType "swiss"]
[EventRounds "9"]
[EventCountry "USA"]
[SourceTitle "EXT 2002"]
[Source "ChessBase"]
[SourceDate "2001.11.25"]
[SourceVersion "1"]
[SourceVersionDate "2001.11.25"]
[SourceQuality "1"]

1. d4 d5 2. c4 e5 3. dxe5 d4 4. a3 Nc6 5. Bf4 Nge7 6. Nf3 Ng6 7. Bg3 a5 8. Qd3 h5 9. h3 h4 10. Bh2 a4 11. Nbd2 Rh5 12. e3 Bc5 13. Ne4 Bb6 14. exd4 Bxd4 15. 0-0-0 Bxe5 16. Qe2 Qe7 17. Nxe5 Rxe5 18. Bxe5 Ncxe5 19. Qd2 Bf5 20. Nc3 Qc5 21. Qd4 Qxd4 22. Rxd4 Nc6 23. Rd2 Na5 24. Nd5 Nb3+ 25. Kd1 0-0-0 26. Bd3 Bxd3 27. Rxd3 Nc5 28. Rd4 Nb3 29. Rd3 1/2-1/2

[Event "Grangemouth op"]
[Site "Grangemouth"]
[Date "2001.??.??"]
[Round "?"]
[White "McNab, Colin Anderson"]
[Black "Nolan, Graeme"]
[Result "1-0"]
[WhiteElo "2450"]
[BlackElo "2145"]
[PlyCount "51"]
[EventDate "2001.??.??"]
[EventType "swiss"]
[EventRounds "5"]
[EventCountry "SCO"]
[SourceTitle "EXT 2006"]
[Source "ChessBase"]
[SourceDate "2005.11.24"]
[SourceVersion "1"]
[SourceVersionDate "2005.11.24"]
[SourceQuality "1"]

1. c4 e6 2. Nf3 d5 3. b3 Nf6 4. g3 Be7 5. Bg2 c5 6. 0-0 Nc6 7. e3 0-0 8. Qe2 e5 9. cxd5 Nxd5 10. d3 Be6 11. Bb2 Qd6 12. Rd1 f5 13. Nbd2 Bf6 14. Ne4 Qe7 15. Nxf6+ gxf6 16. Rac1 Rac8 17. Nh4 f4 18. exf4 exf4 19. Re1 Nc7 20. Bxc6 bxc6 21. Nf5 Qd7 22. Qg4+ Kh8 23. Rxc5 fxg3 24. hxg3 Bxf5 25. Rxf5 Qg7 26. Rxf6 1-0

[Event "Oban op"]
[Site "Oban"]
[Date "2001.??.??"]
[Round "5"]
[White "Nolan, Graeme"]
[Black "Mannion, Stephen R"]
[Result "0-1"]
[WhiteElo "2175"]
[BlackElo "2369"]
[PlyCount "72"]
[EventDate "2001.??.??"]
[EventType "swiss"]
[EventRounds "5"]
[EventCountry "SCO"]
[SourceTitle "EXT 2005"]
[Source "ChessBase"]
[SourceDate "2004.11.15"]
[SourceVersion "1"]
[SourceVersionDate "2004.11.15"]
[SourceQuality "1"]

1. d4 Nf6 2. Nf3 c5 3. e3 b6 4. c4 g6 5. Nc3 Bg7 6. Be2 0-0 7. 0-0 e6 8. d5 exd5 9. cxd5 d6 10. Ne1 Ba6 11. e4 Re8 12. f3 Bxe2 13. Qxe2 a6 14. a4 Nbd7 15. Nc2 Qc7 16. Bd2 c4 17. Rab1 Rab8 18. Kh1 b5 19. axb5 axb5 20. Nb4 Nc5 21. Be3 Nfd7 22. Ra1 Rb7 23. Qf2 Ne5 24. Na6 Nxa6 25. Rxa6 b4 26. Nd1 c3 27. bxc3 bxc3 28. Ra2 Nd3 29. Qe2 Nb4 30. Ra4 c2 31. Nf2 Bb2 32. Bc1 Qc3 33. Qe3 Qxe3 34. Bxe3 Nxd5 35. Bc1 Bxc1 36. Rxc1 Rb1 0-1

[Event "Edinburgh op"]
[Site "Edinburgh"]
[Date "2001.??.??"]
[Round "3"]
[White "Nolan, Graeme"]
[Black "McNab, Colin Anderson"]
[Result "0-1"]
[WhiteElo "2175"]
[BlackElo "2403"]
[PlyCount "102"]
[EventDate "2001.??.??"]
[EventType "swiss"]
[EventRounds "5"]
[EventCountry "SCO"]
[SourceTitle "EXT 2005"]
[Source "ChessBase"]
[SourceDate "2004.11.15"]
[SourceVersion "1"]
[SourceVersionDate "2004.11.15"]
[SourceQuality "1"]

1. d4 d6 2. Nf3 g6 3. c4 Nd7 4. Nc3 e5 5. e4 Bg7 6. Be2 Ngf6 7. 0-0 0-0 8. d5 Nc5 9. Nd2 a5 10. Rb1 Bh6 11. Qc2 Bg4 12. Bxg4 Nxg4 13. a3 a4 14. b4 axb3 15. Nxb3 Nxb3 16. Rxb3 Bxc1 17. Qxc1 b6 18. f3 Nf6 19. Qh6 Qe7 20. a4 Nd7 21. Rb5 Nc5 22. Ra1 Ra6 23. Qd2 Rfa8 24. Rb4 Ra5 25. Ra2 Kh8 26. Rb5 R5a6 27. Rb4 f5 28. Ra1 Ra5 29. Qe3 Qd7 30. Qg5 Rf8 31. Qh6 Rf7 32. Qg5 Ra8 33. Rb5 Kg7 34. a5 fxe4 35. Nxe4 Nxe4 36. fxe4 bxa5 37. Rbxa5 Rxa5 38. Rxa5 Rf4 39. Ra1 h6 40. Qg3 Rxe4 41. Rc1 Rd4 42. h3 Qf5 43. Rf1 Qd3 44. Qxd3 Rxd3 45. Rc1 Rd2 46. Kh2 Rd3 47. Rc2 e4 48. Kg1 h5 49. Kf2 Kf6 50. Ke2 Ke5 51. Rc1 h4 0-1

[Event "Edinburgh op"]
[Site "Edinburgh"]
[Date "2001.??.??"]
[Round "1"]
[White "Shaw, John"]
[Black "Nolan, Graeme"]
[Result "1/2-1/2"]
[WhiteElo "2454"]
[BlackElo "2175"]
[PlyCount "89"]
[EventDate "2001.??.??"]
[EventType "swiss"]
[EventRounds "5"]
[EventCountry "SCO"]
[SourceTitle "EXT 2005"]
[Source "ChessBase"]
[SourceDate "2004.11.15"]
[SourceVersion "1"]
[SourceVersionDate "2004.11.15"]
[SourceQuality "1"]

1. e4 e6 2. d4 d5 3. Nd2 Nf6 4. e5 Nfd7 5. c3 c5 6. Bd3 Nc6 7. Ne2 cxd4 8. cxd4 f6 9. exf6 Qxf6 10. 0-0 Bd6 11. Nf3 h6 12. a3 0-0 13. Bc2 Rd8 14. Qd3 Nf8 15. Be3 Bd7 16. Qd2 Be8 17. Nf4 Rac8 18. Rac1 Rc7 19. Rfe1 Rdc8 20. Bb1 b6 21. h3 Na5 22. Rxc7 Rxc7 23. Ne5 Nc4 24. Nxc4 Rxc4 25. Nd3 Bg6 26. f4 Qd8 27. Rf1 Rc7 28. Ba2 Qc8 29. Bb3 Qa6 30. Ne5 Qb5 31. Qd1 Be4 32. Rf2 Ng6 33. Ba4 Qa6 34. Bc2 Bxc2 35. Rxc2 Qa4 36. Rc1 Qxd1+ 37. Rxd1 Nxe5 38. fxe5 Be7 39. Rc1 Rxc1+ 40. Bxc1 Kf7 41. Kf2 Kg6 42. Kf3 h5 43. Bd2 Bd8 44. a4 a6 45. b3 1/2-1/2

[Event "Edinburgh op"]
[Site "Edinburgh"]
[Date "2000.??.??"]
[Round "5"]
[White "Nolan, Graeme"]
[Black "Bathie, Nicol"]
[Result "1/2-1/2"]
[WhiteElo "2175"]
[BlackElo "2260"]
[PlyCount "74"]
[EventDate "2000.??.??"]
[EventType "swiss"]
[EventRounds "5"]
[EventCountry "SCO"]
[SourceTitle "EXT 2001"]
[Source "ChessBase"]
[SourceDate "2000.11.22"]
[SourceVersion "1"]
[SourceVersionDate "2000.11.22"]
[SourceQuality "1"]

1. e4 e5 2. Bc4 Nc6 3. Nc3 Bc5 4. Qg4 g6 5. Qf3 Nf6 6. Nge2 d6 7. d3 h6 8. h3 Qe7 9. Bd2 a6 10. 0-0-0 Bd7 11. g4 g5 12. Qg3 0-0-0 13. f3 Nd4 14. Nxd4 Bxd4 15. h4 Bxc3 16. bxc3 Rhg8 17. hxg5 hxg5 18. Qf2 Kb8 19. d4 d5 20. exd5 e4 21. Rde1 Qa3+ 22. Kb1 exf3 23. Qxf3 Nxg4 24. Qxf7 Qd6 25. Qe7 Nf2 26. Qxd6 cxd6 27. Rhf1 Nh3 28. Rf3 g4 29. Rg3 Rdf8 30. Re2 Rf1+ 31. Kb2 Rf2 32. Be3 Rf3 33. Reg2 Nf4 34. Bxf4 Rxf4 35. Be2 Bf5 36. Bd3 Bd7 37. Kc1 Rf7 1/2-1/2

[Event "Oban op"]
[Site "Oban"]
[Date "2000.??.??"]
[Round "?"]
[White "Pyrich, George D"]
[Black "Nolan, Graeme"]
[Result "1/2-1/2"]
[WhiteElo "2090"]
[BlackElo "2175"]
[PlyCount "40"]
[EventDate "2000.??.??"]
[EventType "swiss"]
[EventRounds "5"]
[EventCountry "SCO"]
[SourceTitle "EXT 2006"]
[Source "ChessBase"]
[SourceDate "2005.11.24"]
[SourceVersion "1"]
[SourceVersionDate "2005.11.24"]
[SourceQuality "1"]

1. d4 e6 2. Nf3 f5 3. g3 Nf6 4. Bg2 d5 5. 0-0 Bd6 6. c4 c6 7. b3 Qe7 8. Ne5 0-0 9. Bb2 Bd7 10. Nd2 Be8 11. Ndf3 Bh5 12. Qc2 Ne4 13. a3 Nd7 14. b4 Rac8 15. Rac1 Bb8 16. cxd5 exd5 17. Qd3 a6 18. Nxd7 Qxd7 19. Ne5 Qe7 20. f4 Bd6 1/2-1/2

[Event "Marymass op"]
[Site "Marymass"]
[Date "1999.??.??"]
[Round "4"]
[White "Maxwell, Alistair"]
[Black "Nolan, Graeme"]
[Result "1/2-1/2"]
[WhiteElo "2010"]
[BlackElo "2150"]
[PlyCount "45"]
[EventDate "1999.08.20"]
[EventType "swiss"]
[EventRounds "5"]
[EventCountry "SCO"]
[SourceTitle "EXT 2001"]
[Source "ChessBase"]
[SourceDate "2000.11.22"]
[SourceVersion "1"]
[SourceVersionDate "2000.11.22"]
[SourceQuality "1"]

1. e4 e6 2. Nc3 d5 3. d4 Nf6 4. e5 Nfd7 5. f4 c5 6. Nf3 Nc6 7. Be3 a6 8. Qd2 b5 9. dxc5 Bxc5 10. Qf2 Bxe3 11. Qxe3 Qb6 12. Qxb6 Nxb6 13. Bd3 Ke7 14. Ne2 Bd7 15. Nfd4 Nxd4 16. Nxd4 Na4 17. b3 Nc3 18. Kd2 b4 19. a3 a5 20. axb4 axb4 21. Rxa8 Rxa8 22. Ke3 h5 23. h4 1/2-1/2

[Event "SCO-ch"]
[Site "Largs"]
[Date "1998.07.04"]
[Round "1"]
[White "Nolan, Graeme"]
[Black "Norris, Alan J"]
[Result "0-1"]
[WhiteElo "2055"]
[BlackElo "2320"]
[PlyCount "78"]
[EventDate "1998.07.??"]
[EventType "swiss"]
[EventRounds "9"]
[EventCountry "SCO"]
[SourceTitle "EXT 1999"]
[Source "ChessBase"]
[SourceDate "1998.11.16"]
[SourceVersion "1"]
[SourceVersionDate "1998.11.16"]
[SourceQuality "1"]

1. e4 c5 2. Nf3 Nc6 3. d4 cxd4 4. Nxd4 g6 5. c4 Nf6 6. Nc3 d6 7. Be2 Nxd4 8. Qxd4 Bg7 9. Bg5 Qa5 10. Qd2 0-0 11. 0-0 Be6 12. Rac1 Rfc8 13. b3 a6 14. Bf3 Rab8 15. Nd5 Qxd2 16. Bxd2 Kf8 17. Bg5 b5 18. Nxf6 Bxf6 19. Bxf6 exf6 20. cxb5 axb5 21. Be2 b4 22. Ba6 Rc5 23. Bd3 Rbc8 24. Rxc5 dxc5 25. Rd1 Rd8 26. Bc2 Rxd1+ 27. Bxd1 f5 28. f3 Ke7 29. Kf2 f4 30. g3 g5 31. h4 f6 32. hxg5 fxg5 33. gxf4 gxf4 34. Be2 Kd6 35. Bb5 Ke5 36. Ke2 Kd4 37. Kd2 h5 38. Ba6 h4 39. Bb5 c4 0-1

[Event "SCO-ch"]
[Site "Largs"]
[Date "1998.??.??"]
[Round "7"]
[White "Bryson, Douglas Marshall"]
[Black "Nolan, Graeme"]
[Result "1-0"]
[WhiteElo "2385"]
[BlackElo "2055"]
[PlyCount "95"]
[EventDate "1998.07.??"]
[EventType "swiss"]
[EventRounds "9"]
[EventCountry "SCO"]
[SourceTitle "EXT 1999"]
[Source "ChessBase"]
[SourceDate "1998.11.16"]
[SourceVersion "1"]
[SourceVersionDate "1998.11.16"]
[SourceQuality "1"]

1. e4 e6 2. d4 d5 3. Nc3 Nf6 4. e5 Ne4 5. Nxe4 dxe4 6. Bc4 a6 7. a4 b6 8. Nh3 Bb7 9. Nf4 Nc6 10. c3 Ne7 11. Qb3 Nd5 12. Bxd5 exd5 13. 0-0 Be7 14. f3 exf3 15. Rxf3 0-0 16. Be3 Bg5 17. Nh5 Bxe3+ 18. Rxe3 Qg5 19. Nf6+ gxf6 20. Rg3 Qxg3 21. hxg3 fxe5 22. dxe5 Rae8 23. Re1 Re6 24. Qb4 Rfe8 25. Qg4+ Kf8 26. Qh5 Kg7 27. Qg4+ Kf8 28. Qf5 Kg7 29. Rf1 R8e7 30. Rf4 Rg6 31. Qf6+ Rxf6 32. exf6+ Kf8 33. fxe7+ Kxe7 34. a5 bxa5 35. Kf2 c5 36. Rh4 Bc6 37. Rxh7 Bb5 38. Ke3 a4 39. Rh6 Kd7 40. g4 Ke7 41. g5 Kd7 42. Rf6 Ke7 43. g3 a3 44. bxa3 Bc4 45. Rc6 Kd7 46. Rxc5 Kd6 47. Kd4 Kd7 48. Rxd5+ 1-0

[Event "Turnkey op"]
[Site "Turnkey"]
[Date "1998.??.??"]
[Round "3"]
[White "Campbell, Eoin S"]
[Black "Nolan, Graeme"]
[Result "0-1"]
[WhiteElo "2035"]
[BlackElo "2055"]
[PlyCount "60"]
[EventDate "1998.??.??"]
[EventType "swiss (rapid)"]
[EventRounds "5"]
[EventCountry "SCO"]
[SourceTitle "EXT 2001"]
[Source "ChessBase"]
[SourceDate "2000.11.22"]
[SourceVersion "1"]
[SourceVersionDate "2000.11.22"]
[SourceQuality "1"]

1. Nf3 d5 2. c4 e6 3. g3 Nf6 4. Bg2 c5 5. 0-0 Nc6 6. b3 Be7 7. Bb2 d4 8. d3 0-0 9. Na3 e5 10. Nc2 Ne8 11. e3 f6 12. exd4 cxd4 13. Qd2 a5 14. Rab1 Nc7 15. Ba3 Bxa3 16. Nxa3 Bd7 17. Nc2 b5 18. Na3 Rb8 19. Nxb5 Nxb5 20. cxb5 Rxb5 21. Qc2 Qb6 22. Rfc1 Nb4 23. Qc7 Bf5 24. Ne1 Nxa2 25. Qxb6 Rxb6 26. Rc5 a4 27. b4 Nxb4 28. Ra5 Rfb8 29. Rxa4 Nxd3 30. Bd5+ Kf8 0-1

[Event "SCO-ch"]
[Site "Largs"]
[Date "1998.??.??"]
[Round "3"]
[White "Nolan, Graeme"]
[Black "Buchanan, Walter F"]
[Result "1-0"]
[WhiteElo "2055"]
[BlackElo "2135"]
[PlyCount "103"]
[EventDate "1998.07.??"]
[EventType "swiss"]
[EventRounds "9"]
[EventCountry "SCO"]
[SourceTitle "EXT 1999"]
[Source "ChessBase"]
[SourceDate "1998.11.16"]
[SourceVersion "1"]
[SourceVersionDate "1998.11.16"]
[SourceQuality "1"]

1. e4 e6 2. d4 d5 3. Nc3 Bb4 4. e5 Qd7 5. a3 Bf8 6. Nf3 b6 7. Bb5 c6 8. Ba4 Ba6 9. Ne2 Bb5 10. Bb3 c5 11. c3 Nc6 12. 0-0 0-0-0 13. Re1 Bxe2 14. Qxe2 c4 15. Bc2 Kb7 16. Be3 Rc8 17. Nd2 f6 18. f4 Nh6 19. b3 cxb3 20. Nxb3 f5 21. Reb1 Kc7 22. a4 Be7 23. a5 Rb8 24. axb6+ axb6 25. Bd3 Nf7 26. Bb5 Ra8 27. Ra2 g5 28. Rba1 Rxa2 29. Rxa2 Rb8 30. Qh5 gxf4 31. Bxf4 Nfd8 32. Qxh7 Kb7 33. Bg5 Ra8 34. Rxa8 Kxa8 35. Qxe7 Qxe7 36. Bxc6+ Nxc6 37. Bxe7 Nxe7 38. Kf2 Kb7 39. Ke3 Ng6 40. g3 Kc6 41. Nd2 Kb5 42. h4 f4+ 43. Kf3 fxg3 44. Kxg3 Ka4 45. h5 Nf8 46. Kf4 Nh7 47. h6 b5 48. Ke3 b4 49. cxb4 Kxb4 50. Nf3 Kc4 51. Nh2 Kb5 52. Ng4 1-0

[Event "Hallsberg op 9798 U18"]
[Site "Hallsberg"]
[Date "1998.??.??"]
[Round "?"]
[White "Nolan, Graeme"]
[Black "Sprenger, Jan Michael"]
[Result "1-0"]
[WhiteElo "2055"]
[BlackElo "2150"]
[PlyCount "63"]
[EventDate "1997.??.??"]
[EventType "swiss"]
[EventRounds "9"]
[EventCountry "SWE"]
[SourceTitle "EXT 2003"]
[Source "ChessBase"]
[SourceDate "2002.11.25"]
[SourceVersion "1"]
[SourceVersionDate "2002.11.25"]
[SourceQuality "1"]

1. e4 c5 2. Nc3 Nc6 3. Nge2 g6 4. d4 cxd4 5. Nxd4 Bg7 6. Be3 d6 7. Qd2 Nf6 8. f3 0-0 9. Bc4 Bd7 10. 0-0-0 Ne5 11. Bb3 Qa5 12. h4 Rfc8 13. g4 Nc4 14. Bxc4 Rxc4 15. h5 Rac8 16. Nb3 Qa6 17. hxg6 fxg6 18. e5 Ne8 19. Qh2 h5 20. Bd4 Ba4 21. gxh5 Bxb3 22. cxb3 dxe5 23. Bxe5 R4c5 24. Bxg7 Rxh5 25. Qd2 Rxh1 26. Rxh1 Nxg7 27. Kb1 Qe6 28. Ka1 Nh5 29. Qh6 Rc6 30. Ne4 Qf5 31. Ng5 Qf4 32. Qh7+ 1-0

[Event "SCO-ch"]
[Site "Largs"]
[Date "1998.??.??"]
[Round "8"]
[White "Robertson, Ian C"]
[Black "Nolan, Graeme"]
[Result "0-1"]
[WhiteElo "2215"]
[BlackElo "2055"]
[PlyCount "56"]
[EventDate "1998.07.??"]
[EventType "swiss"]
[EventRounds "9"]
[EventCountry "SCO"]
[SourceTitle "EXT 1999"]
[Source "ChessBase"]
[SourceDate "1998.11.16"]
[SourceVersion "1"]
[SourceVersionDate "1998.11.16"]
[SourceQuality "1"]

1. e4 e6 2. d4 d5 3. exd5 exd5 4. Nf3 Bd6 5. c4 c6 6. Nc3 Nf6 7. cxd5 cxd5 8. Bb5+ Bd7 9. 0-0 0-0 10. Bg5 Bxb5 11. Nxb5 Nc6 12. Qb3 Be7 13. Rfe1 Qb6 14. Ne5 Rad8 15. Nxc6 bxc6 16. Rxe7 cxb5 17. Bxf6 Qxf6 18. Rxa7 Qxd4 19. Rb7 Rfe8 20. Qxb5 Qd2 21. Qb4 Qc2 22. Qf4 Qg6 23. h3 d4 24. Rd1 d3 25. Rd2 h6 26. Rb3 Re2 27. g3 Qc6 28. Rc3 Re1+ 0-1